Southville International School and Colleges
Your cart is empty.
  • Cart
  • Lists
    Public lists Eva Luna New books Lux_list list_1
    Your lists Log in to create your own lists
  • Log in to your account
  • Your cookies
  • Search history
Southville International School and Colleges
  • Advanced search
  • Recent comments
  • Most popular
  • Libraries

Log in to your account

Log in with GOOGLE


If you do not have an external account, but do have a local account, you can still log in:

  1. Home
  2. MARC view: The shattering /
Normal view MARC view ISBD view

The shattering / (Record no. 33649)

[ view plain ]
MARC details
000 -LEADER
fixed length control field 01275cam a22004213a 4500
003 - CONTROL NUMBER IDENTIFIER
control field OSt
005 - DATE AND TIME OF LATEST TRANSACTION
control field 20140310184329.0
008 - FIXED-LENGTH DATA ELEMENTS--GENERAL INFORMATION
fixed length control field 040716s2004 nyuab c 000 1 eng d
010 ## - LIBRARY OF CONGRESS CONTROL NUMBER
LC control number 2004719438
020 ## - INTERNATIONAL STANDARD BOOK NUMBER
International Standard Book Number 0439405610 (pbk.) :
Terms of availability $4.99 ($6.99 Can.)
035 ## - SYSTEM CONTROL NUMBER
System control number (OCoLC)ocm55960060
040 ## - CATALOGING SOURCE
Original cataloging agency OOP
Transcribing agency OOP
Modifying agency IXA
-- DLC
041 0# - LANGUAGE CODE
Language code of text/sound track or separate title eng
042 ## - AUTHENTICATION CODE
Authentication code lccopycat
050 00 - LIBRARY OF CONGRESS CALL NUMBER
Classification number PZ 7
Item number .L345g5 2004
100 1# - MAIN ENTRY--PERSONAL NAME
Personal name Lasky, Kathryn.
9 (RLIN) 6040
245 14 - TITLE STATEMENT
Title The shattering /
Statement of responsibility, etc Kathryn Lasky.
260 ## - PUBLICATION, DISTRIBUTION, ETC. (IMPRINT)
Place of publication, distribution, etc New York :
Name of publisher, distributor, etc Scholastic,
Date of publication, distribution, etc 2004.
300 ## - PHYSICAL DESCRIPTION
Extent 176 p. :
Other physical details ill. ;
Dimensions 19 cm.
490 0# - SERIES STATEMENT
Series statement Apple series
490 1# - SERIES STATEMENT
Series statement Guardians of Ga'Hoole ;
Volume number/sequential designation bk. 5
521 0# - TARGET AUDIENCE NOTE
Target audience note
526 ## - STUDY PROGRAM INFORMATION NOTE
Reading level 790
650 #0 - SUBJECT ADDED ENTRY--TOPICAL TERM
Topical term or geographic name as entry element Owls
Form subdivision Juvenile fiction.
9 (RLIN) 23784
650 #0 - SUBJECT ADDED ENTRY--TOPICAL TERM
Topical term or geographic name as entry element Owls
Form subdivision Fiction.
9 (RLIN) 23785
650 #0 - SUBJECT ADDED ENTRY--TOPICAL TERM
Topical term or geographic name as entry element Fantasy.
9 (RLIN) 3293
655 #7 - INDEX TERM--GENRE/FORM
Genre/form data or focus term Children's stories.
Source of term lcsh
9 (RLIN) 3012
655 #7 - INDEX TERM--GENRE/FORM
Genre/form data or focus term Fantasy fiction.
Source of term gsafd
9 (RLIN) 3053
710 2# - ADDED ENTRY--CORPORATE NAME
Corporate name or jurisdiction name as entry element Copyright Paperback Collection (Library of Congress)
Institution to which field applies DLC
9 (RLIN) 705
800 1# - SERIES ADDED ENTRY--PERSONAL NAME
Personal name Lasky, Kathryn.
Title of a work Guardians of Ga'Hoole ;
Volume/sequential designation bk. 5.
9 (RLIN) 23786
906 ## - LOCAL DATA ELEMENT F, LDF (RLIN)
a 7
b cbc
c copycat
d 2
e ncip
f 20
g y-genrareb
942 ## - ADDED ENTRY ELEMENTS (KOHA)
Source of classification or shelving scheme Library of Congress Classification
Koha item type
Holdings
Withdrawn status Lost status Source of classification or shelving scheme Damaged status Home library Current library Shelving location Date acquired Total Checkouts Full call number Barcode Date last seen Copy number Price effective from Koha item type
    Library of Congress Classification   Luxembourg Library Luxembourg Library Scholastic Reading Center Section 10/03/2013   PZ 7 .L345g5 2004 LEX1260 04/18/2017 1 10/03/2013 Books
    Library of Congress Classification   Luxembourg Library Luxembourg Library Scholastic Reading Center Section 10/08/2013   PZ 7 .L345g5 2004 LEX1259 04/18/2017 2 10/08/2013 Books
    Library of Congress Classification   Luxembourg Library Luxembourg Library Scholastic Reading Center Section 10/16/2013   PZ 7 .L345g5 2004 SCHO0369 04/18/2017 3 10/16/2013 Books
    Library of Congress Classification   Luxembourg Library Luxembourg Library Scholastic Reading Center Section 10/22/2013   PZ 7 .L345g5 2004 LEX1045 04/18/2017 4 10/22/2013 Books

The shattering /

APA

Lasky K., Copyright Paperback Collection (Library of Congress), . (2004). The shattering. New York: Scholastic.

Chicago

Lasky Kathryn, Copyright Paperback Collection (Library of Congress), . 2004. The shattering. New York: Scholastic.

Harvard

Lasky K., Copyright Paperback Collection (Library of Congress), . (2004). The shattering. New York: Scholastic.

MLA

Lasky Kathryn, Copyright Paperback Collection (Library of Congress), . The shattering. New York: Scholastic. 2004.

  • Place hold
  • Print
  • Cite
  • Add to your cart (remove)
  • Save record
    BIBTEX Dublin Core MARCXML MARC (non-Unicode/MARC-8) MARC (Unicode/UTF-8) MARC (Unicode/UTF-8, Standard) MODS (XML) RIS
  • More searches
    Search for this title in:
    Other Libraries (WorldCat) Other Databases (Google Scholar) Online Stores (Bookfinder.com) Open Library (openlibrary.org)

Exporting to Dublin Core...

SOUTHVILLE LIBRARY

Southville International School and Colleges Library

1281 Tropical Ave. Cor. Luxembourg St., BF Homes International, Las Pinas City

Tel. No. 8256374 / 252358 Loc. 117/146

Powered by Koha